000 00689nam a2200253 a 4500
001 adlib96000001
003 ViArRB
005 200902210153555.7
008 960221s1955 dcuabcdjdbkoqu001 0deng d
020 _a
022 _a
040 _aAdlib
082 _a519.213(035)
245 _aHand Book of the Normal Distribution
250 _a
260 _aNew York
_bMarcel Dekker
_c1996
300 _aix, 431p
_c
500 _a
100 _aPater, Jagdish K
_e
700 _a
_a
942 _cBK
653 _aNORMEL dISTRIBUTTION- hANDBOOKS, MANUALS ETC
952 _w2010-06-16
_p00044058
_r2010-06-16
_40
_00
_bUL
_10
_o519.213(035) PAT
_d2010-06-16
_70
_yBK
_aUL
999 _c38806
_d38805